LEADER 01314nam a2200241 i 4500 001 000000038090 003 CaOOAMICUS 005 20080613000000.0 008 080613s1962 it u000 u ita u 013 $a8495 040 $aSeMil$bita 100 1 $aO'Neill, Eugene,$d<1888-1953>.$0(OLS)http://semarc/name/18256 240 14$aThe moon of the caribbes.$0(OLS)http://semarc/title/53634 245 14$a[Le opere] [La luna dei Caraibi] [Il lungo viaggio di ritorno] [L'imperatore Jones] [Anna Christie] [Strano interludio] [Il lutto si addice ad elettra] [Lunga giornata verso la notte] /$cEugene O' Neill. 260 $aMilano :$bClub degli editori,$ccopyr. 1962. 300 $aXXXVI, 780 p., [1] p. di ritratto ;$c19 cm. 490 0 $aScrittori del mondo: i Nobel ;$v.[1936] 830 0$aScrittori del mondo: i Nobel ;$v.[1936].$0(OLS)http://semarc/title/25869 850 $aSeMil 852 $aSeMil$W1$xVenegono$y1$m1W I 282$j4245$B4245$CSeMilBibl$Z2$F4245 $81 961 $aOmaggio: Donazione 996 $6245$a[Le opere] [La luna dei Caraibi] [Il lungo viaggio di ritorno] [L'imperatore Jones] [Anna Christie] [Strano interludio] [Il lutto si addice ad elettra] [Lunga giornata verso la notte]$9(OLS)http://semarc/title/53633 996 $6260$aMilano :$bClub degli editori$9(OLS)http://semarc/publisher/33332 LEADER 01107nam a2200241 i 4500 001 000000205829 003 CaOOAMICUS 005 20110903000000.0 008 110903s1916 it u000 u fre u 013 $a184567 040 $aSeMil$bita 100 1 $aDes Ombiaux, Maurice,$d<1868-1943>.$0(OLS)http://semarc/name/73530 245 10$aFrance & Belgique :$bce que les Allemands voulaient faire des pays envahis. Ce que nous ferons d'eux /$cMaurice Des Ombiaux. 260 $a[S.l.] :$bBloud et Gay,$c1916. 300 $a61 p. ;$c19 cm. 490 0 $aPages actuelles ;$vN.86. 500 $aIn copertina : 1914-1916. 650 4$aGuerra mondiale <1914-1918> - Francia.$0(OLS)http://semarc/subject/38087 830 0$aPages actuelles ;$vN.86.$0(OLS)http://semarc/title/34224 850 $aSeMil 852 $aSeMil$W1$xVenegono$y1$m3U I 62$j156323$B156323$CSeMilBibl$Z2$F167680 $81 996 $6245$aFrance & Belgique :$bce que les Allemands voulaient faire des pays envahis. Ce que nous ferons d'eux$9(OLS)http://semarc/title/297838 996 $6260$a[S.l.] :$bBloud et Gay$9(OLS)http://semarc/publisher/50170